=LDR 00000nam 2200000 4500 =001 INLIS000000000003430 =005 20201120073918 =035 ##$$a 0010-061300000003430 =008 201120################g##########0#ind## =041 ##$$a Ind =082 ##$$a 324.6 =090 ##$$a 324.6, Sur =245 ##$$a Surat rakyat tentang pemilu 1997 /$c editor Sitok Srengenge =260 ##$$a Jakarta : :$b Institut Studi Arus Informasi,$c 1998 =300 ##$$a 216 hlm. ; $c 14 x 20 cm. =650 #4$$a Pemilihan Umum =700 1#$$a Srengenge, Sitok =850 ##$$a NBPNMAT =084 ##$$a 324.6 SUR s =990 ##$$a DW99004257 =990 ##$$a 139.186 pb.98